000 00517nam a2200181Ia 4500
008 151018s9999 xx 000 0 und d
082 _bRBASDV3241
_a891.461
100 _aशिरीष पै
245 _aकस्तुरी
250 _b1
260 _bगं पा परचुरे प्रकाशन
_c1959
300 _a68
600 _aशिरीष पै
630 _aकस्तुरी
700 _aशिरीष पै
730 _aकस्तुरी
942 _cBOOK
999 _c1005654
_d1005651